Committee on Veterans Affairs, House of Representatives.

Veterans Administration report on H.R. 1922, to direct construction of a 200-bed hospital at Clark County, Nev.

Bibliographic Details
Corporate Authors: United States. Congress. House. Committee on Veterans' Affairs, ProQuest (Firm)
Format: eBook
Language:English
Published: [Place of publication not identified] : [publisher not identified], 1961.
Series:U.S. Congressional Research.
Subjects:
Online Access:Connect to the full text of this electronic book

MARC

Tag First Indicator Second Indicator Subfields
LEADER 00000cam a22000001a 4500
001 in00003318521
006 m d f
007 cr bn mmmapmmp
008 100520s1961 dcu o f000 0 eng d
005 20260430192412.3
035 |a cis2007838212 
040 |a LexisNexis  |c LexisNexis  |d UtOrBLW 
043 |a n-us--- 
099 |a CMP-1961-VAH-0053 
110 1 |a United States.  |b Congress.  |b House.  |b Committee on Veterans' Affairs. 
245 1 0 |a Committee on Veterans Affairs, House of Representatives. 
264 1 |a [Place of publication not identified] :  |b [publisher not identified],  |c 1961. 
300 |a 1 online resource. 
336 |a text  |b txt  |2 rdacontent 
337 |a computer  |b c  |2 rdamedia 
338 |a online resource  |b cr  |2 rdacarrier 
500 |a Untitled Prints of Correspondence, 87th Congress, 1st Session. 
500 |a Record is based on bibliographic data in LexisNexis U.S. Congressional Research Digital Collection (last viewed May 2010). Reuse except for individual research requires license from LexisNexis. 
500 |a Print. 
520 |a Veterans Administration report on H.R. 1922, to direct construction of a 200-bed hospital at Clark County, Nev. 
500 |a Electronic resource. 
610 1 0 |a United States.  |b Veterans Administration. 
650 0 |a Veterans  |z United States. 
651 0 |a Nevada. 
655 7 |a Electronic books.  |2 local 
710 2 |a ProQuest (Firm) 
776 0 8 |i Microfiche version:   |a United States. Congress. House. Committee on Veterans' Affairs.  |t Committee on Veterans Affairs, House of Representatives.  |o H6298 
830 0 |a U.S. Congressional Research. 
856 4 0 |u http://proxy.library.tamu.edu/login?url=https://congressional.proquest.com/congcomp/getdoc?CRDC-ID=CMP-1961-VAH-0053  |z Connect to the full text of this electronic book  |t 0 
999 |a MARS 
999 f f |s c861b70d-0708-3451-97b4-d029370e3c0d  |i 9460edf8-100a-3fbb-85e0-efb2d7f7747d  |t 0 
952 f f |a Texas A&M University  |b College Station  |c Electronic Resources  |s www_evans  |d Available Online  |t 0  |e CMP-1961-VAH-0053  |h Other scheme 
998 f f |a CMP-1961-VAH-0053  |t 0  |l Available Online